| 000 | 00522nam a22001457a 4500 | ||
|---|---|---|---|
| 020 | _a9788131705025 | ||
| 082 | _a621.382 FLO | ||
| 100 | _aFlood, J. E. (John Edward) | ||
| 245 | _aTelecommunications switching, traffic and networks | ||
| 260 |
_aNew Delhi, India _bPearson Education _c1999 |
||
| 300 |
_axviii, 310 p. _bill. ; |
||
| 500 | _aIncludes bibliographical references and index. | ||
| 650 | _a1. Telecommunication --Switching systems. 2. Telecommunication --Traffic. 3. Telecommunication systems. | ||
| 942 | _cBK | ||
| 999 |
_c12515 _d12515 |
||